| 000 | 00721nam a22002057a 4500 | ||
|---|---|---|---|
| 999 |
_c15280 _d15280 |
||
| 003 | OSt | ||
| 082 | _2631.587 ABD/FE | ||
| 088 | _aP 51 | ||
| 100 |
_aABDUL SATHAR M _93752 |
||
| 245 | _aFeasibility of a permanent bound in the Ponnani koles of Kerala | ||
| 260 |
_aTavanur 1996 _bDepartment of Irrigation and Drainage Engineering |
||
| 300 | _a103 | ||
| 500 | _aFeasibility of a permanent bound in the Ponnani koles of Kerala | ||
| 520 | _aFeasibility of a permanent bound in the Ponnani koles of Kerala | ||
| 700 |
_aKaren Mary Nigli _93753 |
||
| 700 |
_aSajeena S _93501 |
||
| 700 |
_aEr. Mary Regina F (Guide) _93754 |
||
| 856 | _uhttps://drive.google.com/open?id=1NbSOmPari0lKVtJdT1vEwjytn8Y3NzzV | ||
| 942 | _cPR | ||